000 00866nam a2200253 i 4500
001 77777
003 ES-MaACL
005 20230906173354.0
007 t|
008 041108s1992 sp ||||1| spa d
020 _a84-606-0552-3
080 _a75.036(460)(064.3)
245 0 0 _aOtra realidad :
_bcompañeros en Madrid : Sala de Exposiciones Casa del Monte.
260 _aMadrid :
_bFundación Humanismo y Democracia,
_c1992.
300 _a350 p. :
_bil. col. y n. ;
_c30 cm.
650 4 _aPintura española-
_yS.XX-
_vExposiciones.
_916043
650 4 _aPintura-
_zMadrid (Comunidad Autónoma)-
_yS.XX.
_9172681
655 7 _2tgfbne
_9193628
_aCatálogos de exposiciones
710 2 _aFundación Humanismo y Democracia.
_94320
710 2 _aCasa del Monte (Madrid)
_92480
852 _aES-MaACL
_jL-28396
942 _2udc
999 _c77777
_d77777